000 00607nam a2200217 i 4500
001 bgj
100 1 _aFITZGERALD, Charles Patrick
_d(1902- ).
245 1 0 _aA concise history of East Asia /
_cC. P. Fitzgerald.
260 _aMiddlesex :
_bPenguin Books,
_c1974.
300 _a371, [1] pp :
_bill., 8 maps ;
_c19 cm.
504 _aBibliography p. 357-358.
505 _aIncludes index.
651 9 _aEast Asia
_xHistory
651 9 _aJapan
_xHistory
020 _a0140217827
040 _cBPK
041 0 _aeng
920 _a0-1402-1782-7
942 _cKS
008 s uk f |000 0 eng
999 _c47487
_d47487
856 _uhttp://koha.tu.koszalin.pl/cgi-bin/koha/opac-detail.pl?biblionumber=47487
_yKatalog online BPK